Größte Stadt mit dem Anfangsbuchstaben ihres Bundeslandes - Statistiken

Allgemein
  • Dieses Quiz wurde 206 mal gespielt
  • Das Durchschnittsergebnis liegt bei 9 aus 16
Antwortstatistiken
Bundesland Stadt Einwohner % Korrekt
Berlin B{erlin} 3.755.251
99%
Bremen B{remen} 569.396
99%
Hamburg H{amburg} 1.908.521
99%
Saarland S{aarbrücken} 181.959
94%
Brandenburg B{randenburg} 73.609
78%
Bayern B{amberg} 79.935
71%
Nordrhein-Westfalen N{euss} 154.139
71%
Baden-Württemberg B{aden-Baden} 57.025
69%
Hessen H{anau} 101.364
64%
Schleswig-Holstein S{chleswig} 25.832
35%
Sachsen-Anhalt S{tendal} 39.105
27%
Niedersachsen N{ordhorn} 55.242
19%
Rheinland-Pfalz R{emagen} 17.426
9%
Mecklenburg-Vorpommern M{alchin} 7.272
7%
Sachsen S{chkeuditz} 19.189
6%
Thüringen T{reffurt} 5.834
5%
Keine übereinstimmenden Quizze gefunden
Verteilung der Resultate
Anzahl Personen mit jedem Resultat
Perzentil nach korrekt beantworteten Fragen
Ihre Resultats-Entwicklung
Sie haben dieses Quiz noch nicht gespielt